Controlled viscoelasticity by natural rubber modification (Record no. 56351)

MARC details
000 -LEADER
fixed length control field 00410nam a2200133Ia 4500
100 ## - MAIN ENTRY--AUTHOR NAME
Personal name Gelling I R
245 #0 - TITLE STATEMENT
Title Controlled viscoelasticity by natural rubber modification
260 ## - PUBLICATION, DISTRIBUTION, ETC. (IMPRINT)
Name of publisher Proceedings of the International Rubber Conference, Venice, 1979; p140-149
650 ## - SUBJECT ADDED ENTRY--TOPICAL TERM
Topical Term NR modification
650 ## - SUBJECT ADDED ENTRY--TOPICAL TERM
Topical Term Viscoelasticity
700 ## - ADDED ENTRY--PERSONAL NAME
Personal name Smith J F
942 ## - ADDED ENTRY ELEMENTS (KOHA)
Koha item type Journals
Holdings
Withdrawn status Lost status Damaged status Not for loan Home library Current library Shelving location Date acquired Koha item type
      Journals RRII Library RRII Library Rubber chemistry 17/12/2021 Journals